000
00313nam a22001457a 4500
008
210322b ||||| |||| 00| 0 eng d
020
_a
9780195167283
041
_a
eng
080
_a
616.8
082
_a
616.8
100
_a
7
101
_a
TRU
245
_a
Brave new Brain
_c
Andreasen, N. C
942
_2
udc
_c
BK
999
_c
56666
_d
56666